000
00311nam a22001217a 4500
008
180131b xxu||||| |||| 00| 0 eng d
041
_a
eng
080
_a
611.085
100
_a
9
101
_a
SHM
245
_a
HSTOLOGICAL TYPING OF TUMOURS OF THE CENTRAL NERVOUS SYSTEMS
_c
ZULCH.K.I
942
_2
udc
_c
BK
999
_c
41375
_d
41375